The 20th anniversary of the Tiananmen Square protests : examining the significance of the 1989 demonstrations in China and implications for U.S. policy : hearing before the Congressional-Executive Commission on China, One Hundred Eleventh Congress, first session, June 4, 2009.

Bibliographic Details
Corporate Author: United States. Congressional-Executive Commission on China
Format: Government Document eBook
Language:English
Published: Washington : U.S. G.P.O., 2009.
Subjects:
Online Access:Electronic resource (PDF)

MARC

Tag First Indicator Second Indicator Subfields
LEADER 00000cam a22000001a 4500
001 in00004100722
005 20200117091406.0
006 m d f
007 cr bn mmmapmmp
008 100719s2009 dcu ob f000 0 eng d
035 |a chdc201000944 
040 |a UMI  |c UMI  |d UtOrBLW 
042 |a pcc 
043 |a a-cc---  |a n-us--- 
074 |a 1009-C-14 
086 0 |a Y 4.C 44:T 43/2 
110 1 |a United States.  |b Congressional-Executive Commission on China.  |0 http://id.loc.gov/authorities/names/no2002054400 
245 1 4 |a The 20th anniversary of the Tiananmen Square protests :  |b examining the significance of the 1989 demonstrations in China and implications for U.S. policy : hearing before the Congressional-Executive Commission on China, One Hundred Eleventh Congress, first session, June 4, 2009. 
246 3 |a Twentieth anniversary of the Tiananmen Square protests : examining the significance of the 1989 demonstrations in China and implications for U.S. policy 
264 1 |a Washington :  |b U.S. G.P.O.,  |c 2009. 
264 2 |a Washington :  |b For sale by the Supt. of Docs., U.S. G.P.O. 
300 |a iii, 58 pages, digital, PDF file. 
336 |a text  |b txt  |2 rdacontent 
337 |a computer  |b c  |2 rdamedia 
338 |a online resource  |b cr  |2 rdacarrier 
500 |a Shipping list number: 2010-0056-P. 
504 |a Includes bibliographical references. 
500 |a Record is based on bibliographic data in ProQuest Congressional Hearings Digital Collection. Reuse except for individual research requires license from ProQuest, LLC. 
500 |a Electronic resource. 
533 |a Electronic reproduction.  |b [Bethesda, Md.] :  |c ProQuest,  |d 2010.  |e digital, PDF file.  |n ProQuest U.S. Congressional Hearings Digital Collection.  |n Mode of access: World Wide Web via ProQuest website. 
538 |a System requirements: PDF reader software. 
650 0 |a Human rights  |z China.  |0 http://id.loc.gov/authorities/subjects/sh2008105890 
651 0 |a China  |x History  |y Tiananmen Square Incident, 1989.  |0 http://id.loc.gov/authorities/subjects/sh89004135 
651 0 |a China  |x Politics and government  |y 1976-2002.  |0 http://id.loc.gov/authorities/subjects/sh85024175 
651 0 |a China  |x Politics and government  |y 2002-  |0 http://id.loc.gov/authorities/subjects/sh2004009498 
651 0 |a United States  |x Foreign relations  |z China.  |0 http://id.loc.gov/authorities/subjects/sh2007100024 
651 0 |a China  |x Foreign relations  |z United States.  |0 http://id.loc.gov/authorities/subjects/sh2008100081 
776 0 8 |i Print version:   |a United States. Congressional-Executive Commission on China.  |t 20th anniversary of the Tiananmen Square protests  |w 9780160845895  |w 0160845890  |w (OCoLC)ocn475597770  |z 2010443648 
776 0 8 |i Microfiche version:   |a United States. Congressional-Executive Commission on China.  |t 20th anniversary of the Tiananmen Square protests  |d [Bethesda, Md.] : ProQuest,[2010]  |o CIS 2010 J891-15  |w (ProQuest)cis01001837  
856 4 0 |u http://proxy.library.tamu.edu/login?url=http://search.proquest.com/congcomp/getdoc?HEARING-ID=HRG-2009-EEC-0007  |y Electronic resource (PDF)  |t 0 
998 |a cis01001837  
999 f f |s 3701ae1c-781a-3882-821e-11552184f0ad  |i ee8dd259-5d97-3aff-a230-fd20fd2df70c  |t 0 
952 f f |a Texas A&M University  |b College Station  |c Electronic Resources  |d Available Online  |t 0  |e Y 4.C 44:T 43/2  |h Superintendent of Documents classification 
998 f f |a Y 4.C 44:T 43/2  |t 0  |l Available Online